header

Microelectronic failure analysis (Record no. 55422)

MARC details
000 -LEADER
fixed length control field 01563nam a2200325Ia 4500
245 00 - TITLE STATEMENT
Title Microelectronic failure analysis
260 ## - PUBLICATION, DISTRIBUTION, ETC. (IMPRINT)
Place of publication Materials Park, OH :
Name of publisher ASM International,
Year of publication c2002.
300 ## - PHYSICAL DESCRIPTION
Number of Pages vi, 210 p. :
Other physical details ill.
650 #0 - SUBJECT ADDED ENTRY--TOPICAL TERM
Topical Term Electronic apparatus and appliances
Topical Term Electronics
Topical Term Microelectronics
Topical Term Microelectronics
Topical Term Semiconductors
856 40 - ELECTRONIC LOCATION AND ACCESS
Uniform Resource Identifier http://site.ebrary.com/lib/rucke/Doc?id=10330016

No items available.

© 2026 Rongo University
Contact us: librarian | system librarian | Rongo university